| 000 | 00903nam a22002537a 4500 | ||
|---|---|---|---|
| 999 |
_c14335 _d14335 |
||
| 003 | MIRAKIL | ||
| 005 | 20211214000619.0 | ||
| 008 | 210325b tu ||||| |||| 00| 0 tur d | ||
| 020 | _a9758454447 | ||
| 040 |
_aTR-AnCHP _cTR-AnCHP |
||
| 041 | _aTur | ||
| 082 |
_a320.9561 _bİ57ü 2002 |
||
| 100 | 1 | _aİnönü, Erdal | |
| 245 | 1 | 0 |
_aÜçyüz yıllık gecikme: _btarih, kültür, bilim ve siyaset üzerine konuşmalar / _cErdal İnönü. |
| 246 | _atarih, kültür, bilim ve siyaset üzerine konuşmalar | ||
| 250 | _a2 bs. | ||
| 260 |
_aİstanbul: _bBüke Yayıncılık, _c2002. |
||
| 300 |
_a255 s.: _bgrf., _c19 sm. |
||
| 600 | 1 | 4 |
_93613 _aİnönü, Erdal _d1926-2007 _xSiyasal ve sosyal görüşler |
| 600 | 1 | 4 |
_93613 _aİnönü, Erdal _d1926-2007 _xKonuşmalar |
| 650 | 0 |
_aSiyaset ve yönetim _xTürkiye _99 |
|
| 740 | _atarih, kültür, bilim ve siyaset üzerine konuşmalar | ||
| 942 |
_2ddc _cBKS |
||